00631nam a22001697a 4500020001800000082001600018100004300034245010200077250002400179260002900203300001000232563000700242650005500249942001200304999001900316952012600335 a9781292402826 a658.11bBAR a Barringer, Bruce R. Ireland, R. Duane aEntrepreneurship : successfully launching new ventures/cBruce R Barringer and Ireland, R. Duane aUpdated 6th edition aHarlow:bPearson;c2022. a618p. aPB aNew business enterprisesaEntrepreneurship9118521 2ddccBK c606748d606748 00102ddc406658_110000000000000_BAR709629894aCLbCLd2023-10-20l0o658.11 BARpNBS10225r2023-10-20w2023-10-20yBK